| 000 | 00639nam a22001937a 4500 | ||
|---|---|---|---|
| 005 | 20100811151532.0 | ||
| 010 | _aENG-99768 | ||
| 020 |
_a9789350011218 _c120.00 |
||
| 035 | _aEN-83300 | ||
| 037 | _bDBAd/PUB | ||
| 082 | _a511.5 | ||
| 100 |
_aVenugopal, K. _911168 |
||
| 245 |
_aGraph theory / _cby K. Venugopal |
||
| 260 |
_aPerambalur _bMercury Printers & Publishers _c2008 |
||
| 270 |
_bPerambalur _e621212 |
||
| 300 | 1 |
_a128p. _c21cm (pbk) |
|
| 942 |
_2ddc _cEN _h511.5 _mVEN |
||
| 999 |
_c41083 _d41083 |
||